Equality, resemblance, and order
Αποθηκεύτηκε σε:
| Κύριος συγγραφέας: | |
|---|---|
| Μορφή: | Βιβλίο |
| Γλώσσα: | English Russian |
| Δημοσίευση: |
Moscow :
Mir Publishers,
1975.
|
| Θέματα: | |
| Ετικέτες: |
Προσθήκη ετικέτας
Δεν υπάρχουν, Καταχωρήστε ετικέτα πρώτοι!
|
MARC
| LEADER | 00000cam a2200000 i 4500 | ||
|---|---|---|---|
| 001 | 1/6861 | ||
| 008 | 100426s1975 ru | ||| |||| ||eng|| | ||
| 035 | |l 10107661 | ||
| 040 | |a GR-MyUa |b gre |e AACR2 | ||
| 041 | 1 | |a eng |h rus | |
| 082 | 7 | |a 510 |2 (22) | |
| 100 | 1 | |a Schreider, IU. A. |d (IUlii Anatolʹevich) | |
| 245 | 1 | 0 | |a Equality, resemblance, and order / |c Ju. A. Schreider ; translated from the Russian by Martin Greendlinger. |
| 260 | |a Moscow : |b Mir Publishers, |c 1975. | ||
| 300 | |a 279 σ. : |b διαγρ. ; |c 20 εκ. | ||
| 500 | |a Revised from the 1971 Russian edition. | ||
| 500 | |a Περιλαμβάνει ευρετήριο. | ||
| 650 | 0 | |a Mathematics. | |
| 650 | 0 | |a Mathematical linguistics. | |
| 852 | |a INST |b SAMOS |c MAG |e 20100426 |h 510 SCH |p 005300031937 |q 005300031937 |t BK |y 0 | ||
| 901 | |a BIBL3-2010-1 | ||
| 970 | |a ΣΙΤΖΙΜΗ |b ΓΙΑΣΕΜΗ |z 2010/04/26 | ||